Environmental policy and biodiversity (Registro nro. 7439)

Detalles MARC
000 -CABECERA
Campo de control 00715nam a22002177a 4500
005 - FECHA Y HORA DE LA ULTIMA TRANSACCION
Campo de control 20130725020003.0
008 - ELEMENTOS DE LONGITUD FIJA—INFORMACION GENERAL
Campo de control 130724b1994 -us||||| |||| 00| 0 spa d
020 ## - ISBN
ISBN 1559632828
041 ## - IDIOMA
Código de idioma para texto/pista de sonido o título separado Inglés
044 ## - PAÍS DE PUBLICACIÓN
País de publicación Estados Unidos
082 ## - NUMERO DE CLASIFICACION DECIMAL DEWEY
Número de clasificación 363.7
Número del ítem G88c
245 ## - MENCION DE TITULO
Título Environmental policy and biodiversity
Mención de responsabilidad edited by R. Edward Grumbine
260 ## - PUBLICACION, DISTRIBUCION, ETC. (PIE DE IMPRENTA)
Lugar de publicación, distribución, etc. Washington, D.C.
Nombre del editor, distribuidor, etc. Island Pres.
Fecha de publicación, distribución, etc. c1994
300 ## - DESCRIPCION FISICA
Extensión xv, 416 p.
Otros detalles físicos il., mapas.
Dimensiones 24 cms.
504 ## - NOTA DE BIBLIOGRAFIA, ETC.
Nota de bibliografía Incluye referencias bibliográficas e índices
650 ## - ASIENTO SECUNDARIO DE MATERIA - TERMINO TEMATICO
Término temático o nombre geográfico como elemento de entrada Environmental policy
Subdivisión geográfica United States
650 ## - ASIENTO SECUNDARIO DE MATERIA - TERMINO TEMATICO
Término temático o nombre geográfico como elemento de entrada Biodiversity
Subdivisión geográfica United States
650 ## - ASIENTO SECUNDARIO DE MATERIA - TERMINO TEMATICO
Término temático o nombre geográfico como elemento de entrada Environmental law
Subdivisión geográfica United States
700 1# - ASIENTO SECUNDARIO - NOMBRE PERSONAL
Nombre personal Grumbine, R. Edward.
942 ## - ELEMENTOS ADICIONALES (KOHA)
Sistema de clasificación Dewey Decimal Classification
Tipo de ítem
Koha issues (borrowed), all copies 1
Existencias
Withdrawn status Lost status Sistema de Clasificación Damaged status No para préstamo Colección Inventariado Ubicación Permanente Ubicación actual Fecha de adquisición Fuente de Valor Valor Total Checkouts Número topográfico Inventario / Código de Barras Date last seen Date checked out Ejemplar Price effective from Tipo de material
    Dewey Decimal Classification     General Inventariado 2017 Bogotá Bogotá 24/07/2013 Instituto 39000.00 1 LB 363.7 G88c 028737 24/07/2013 24/07/2013 ej. 1 24/07/2013 Libro